000 00772nam a22002531 4500
001 19842
003 BD-RjUL
005 20211209000502.0
008 140225r19601959nyua 001 0 eng
035 _a(BD-RjUL)19903
040 _aDLC
_cDLC
_dBD-RjUL
_beng
041 _aeng
082 0 0 _a330.1
_bBAE 1960-1964
100 1 _aBaumol, William J.
_960941
245 1 0 _aEconomic dynamics :
_ban introduction /
_cWilliam J Baumol, With a contribution by Ralph Turvey.
250 _a2d ed.
260 _aNew York :
_bMacmillan,
_cc1959 [reprint 1960-1964].
300 _axv, 396 p. :
_bill. ;
_c22 cm.
504 _aIncludes index.
650 0 _aEconomics.
_960942
650 0 _aStatics and dynamics (Social sciences)
_95975
942 _2ddc
_cBK
999 _c19842
_d19842